Školní zájezdy
| Format: | Journal |
|---|---|
| Language: | Czech |
| Published: |
Bratislava
Čedok
[1974]
|
MARC
| LEADER | 00000cas a2200000 a 4500 | ||
|---|---|---|---|
| 001 | vtls001433869 | ||
| 003 | SK-MaSNL | ||
| 005 | 20260221113829.0 | ||
| 008 | 020513d197419uuxr r p 0 0b0cze | ||
| 035 | |a SNK000388942 | ||
| 040 | |a SNK |b slo |c SNK |e AACR2 | ||
| 041 | 0 | |a cze | |
| 044 | |a xo |c SK | ||
| 245 | 0 | 0 | |a Školní zájezdy |
| 260 | |a Bratislava |b Čedok |c [1974] | ||
| 910 | |a snk | ||
| 999 | |c 2813 |d 4743 | ||
| 952 | |0 0 |1 0 |4 0 |7 0 |a SNK |b SNK |d 2002-05-13 |l 0 |o snkČSC 2041/1974 |p 17A0341936 |r 2005-01-02 00:00:00 |w 2026-02-21 |y PREZ | ||


